| 000 | 00470nam a2200181Ia 4500 | ||
|---|---|---|---|
| 005 | 20250423095125.0 | ||
| 008 | 250422s9999 xx 000 0 und d | ||
| 020 | _a0521296765 | ||
| 050 | _aHB 801 .D36/ | ||
| 100 | _aDeaton, Angus. | ||
| 245 | 0 | _aEconomics and consumer behavior | |
| 260 | _aCambridge | ||
| 260 | _bCambridge University Press | ||
| 260 | _c1998 | ||
| 300 | _a450 p | ||
| 650 | _aConsumption (Economics) Consumers. Utility theory. | ||
| 942 | _cBK | ||
| 999 |
_c29309 _d29309 |
||